| 000 | 01051cam a2200325 a 4500 | ||
|---|---|---|---|
| 999 |
_c528848 _d528848 |
||
| 001 | 16742926 | ||
| 003 | NUST | ||
| 005 | 20190913103030.0 | ||
| 008 | 110420s2012 mauab b 001 0 eng | ||
| 010 | _a 2011010788 | ||
| 020 | _a9780136079484 | ||
| 020 | _a0136079482 | ||
| 038 | _aMSOHAIL | ||
| 040 |
_aDLC _cDLC _dDLC |
||
| 042 | _apcc | ||
| 050 | 0 | 0 |
_aTA684 _b.M25 2012 |
| 082 | 0 | 0 |
_a624.1821 _222 _bMCC |
| 100 | 1 |
_aMcCormac, Jack C. _91288 |
|
| 245 | 1 | 0 |
_aStructural steel design / _cJack C. McCormac, Stephen F. Csernak. |
| 250 | _a5th ed. | ||
| 260 |
_aBoston : _bPrentice Hall, _cc2012. |
||
| 300 |
_axii, 724 p. : _bill., map ; _c24 cm. |
||
| 504 | _aIncludes bibliographical references and index. | ||
| 650 | 0 |
_aBuilding, Iron and steel _vTextbooks. _920637 |
|
| 650 | 0 |
_aSteel, Structural _vTextbooks. _920638 |
|
| 700 | 1 |
_aCsernak, Stephen F. _920639 |
|
| 906 |
_a7 _bcbc _corignew _d1 _eecip _f20 _gy-gencatlg |
||
| 942 |
_2ddc _cBK |
||